| 000 | 00971nam a22002777i 4500 | ||
|---|---|---|---|
| 003 | EG-ScBUE | ||
| 005 | 20241110095608.0 | ||
| 008 | 220731s2024 ua f 000 0 ara d | ||
| 017 | _a2024 / 3070 | ||
| 020 | _a9789779144979 | ||
| 040 |
_aEG-ScBUE _bara _erda _cEG-ScBUE _dEG-ScBUE |
||
| 043 | _af-ua--- | ||
| 082 | 0 | 4 |
_222 _a340.962 _bق ا ض |
| 100 | 1 |
_aقاضي، خالد محمد، _d1967- _eمؤلف. |
|
| 245 | 1 | 0 |
_aما القانون / _cد. خالد محمد القاضي، رئيس محكمة الاستئناف. |
| 250 | _aالطبعة الأولى. | ||
| 264 | 1 |
_aالقاهرة : _bالهيئة المصرية العامة للكتاب، _c2024. |
|
| 300 |
_a159 صفحة ؛ _c18 سم |
||
| 336 |
_2rdacontent _aنص _btxt |
||
| 337 |
_2rdamedia _aبدون وسيط _bn |
||
| 338 |
_2rdacarrier _aمجلد _bnc |
||
| 541 |
_cDonation ; _aProf. Hassan Abdel Hamid. |
||
| 650 | 7 |
_aالقانون _zمصر. _2BUEsh |
|
| 655 | _vReading book | ||
| 942 | _2ddc | ||
| 999 |
_c30723 _d30694 |
||